|
|
|
|
| LEADER |
00000nas a2200000 a 4500 |
| 001 |
ssj0002046 |
| 003 |
WaSeSS |
| 005 |
20200512172242.0 |
| 006 |
m d |
| 007 |
cr n |
| 008 |
971110c19929999enkbx pss 0 a0eng c |
| 010 |
|
|
|a 2008266835
|
| 015 |
|
|
|a GBA605224
|2 bnb
|
| 016 |
7 |
|
|a 013357640
|2 Uk
|
| 022 |
|
|
|a 1360-0567
|l 0963-8237
|y 0963-8237
|
| 030 |
|
|
|a JMEHEQ
|
| 035 |
|
|
|a (WaSeSS)ssj0002046
|
| 037 |
|
|
|b Carfax International Publishers, P.O. Box 25, Abingdon, Oxfordshire OX14 3UE, England
|
| 040 |
|
|
|a F#A
|b eng
|e pn
|c F#A
|d OCL
|d AAA
|d OCLCQ
|d CGU
|d MUQ
|d OCL
|d GUA
|d OCLCQ
|d UKMGB
|d VRC
|d OCLCQ
|d OCLCF
|d OCLCO
|d VT2
|d OCLCQ
|d AZU
|d OCLCQ
|d OCLCO
|d WT2
|d OCLCO
|d OCLCA
|d U3W
|d OCLCO
|d DLC
|d OCLCO
|d TOF
|d AU@
|d OCLCO
|d WYU
|d OCLCO
|d OCLCA
|d OCLCQ
|d OCLCO
|d OCLCA
|d SFB
|d WaSeSS
|
| 042 |
|
|
|a pcc
|
| 050 |
0 |
0 |
|a RA790.A1
|
| 060 |
0 |
0 |
|a W1
|b JO76KJ
|
| 082 |
0 |
4 |
|a 362.2
|
| 130 |
0 |
|
|a Journal of mental health (Abingdon, England : Online)
|
| 245 |
1 |
0 |
|a Journal of mental health
|h [electronic resource].
|
| 260 |
|
|
|a Abingdon, Oxfordshire :
|b Carfax International Publishers,
|c 1992-
|
| 310 |
|
|
|a Six issues a year,
|b 1997-
|
| 321 |
|
|
|a Five issues a year,
|b <1995>-1996
|
| 362 |
1 |
|
|a Began with vol. 1, issue 1 (1992).
|
| 506 |
|
|
|a License restrictions may limit access.
|
| 538 |
|
|
|a Mode of access: World Wide Web.
|
| 588 |
0 |
|
|a Vol. 1, issue 1 (1992); title from journal information screen (Informaworld, viewed Nov. 18, 2008).
|
| 588 |
1 |
|
|a Vol. 27, issue 3 (2018)) (Taylor & Francis Online, viewed June 29, 2018).
|
| 650 |
|
0 |
|a Mental health
|v Periodicals.
|
| 650 |
|
0 |
|a Mental health services
|v Periodicals.
|
| 650 |
|
2 |
|a Mental Disorders.
|
| 650 |
|
2 |
|a Mental Health.
|
| 650 |
|
2 |
|a Mental Health Services.
|
| 650 |
|
6 |
|a Santé mentale
|v Périodiques.
|
| 650 |
|
7 |
|a Psychiatry.
|2 ebps
|
| 650 |
|
7 |
|a Psychology.
|2 ebps
|
| 650 |
|
7 |
|a Mental health.
|2 fast
|0 (OCoLC)fst01016339
|
| 650 |
|
7 |
|a Mental health services.
|2 fast
|0 (OCoLC)fst01016498
|
| 655 |
|
0 |
|a Electronic journals.
|
| 776 |
0 |
8 |
|i Print version:
|t Journal of mental health (Abingdon, England)
|x 0963-8237
|w (DLC)sn 92033434
|w (OCoLC)26585830
|
| 850 |
|
|
|a DLC
|
| 856 |
4 |
0 |
|z Full text available from Research Library: 10/01/1997 to 10/31/2000
|u https://search.proquest.com/publication/33358
|